00307pam a2200121 a 4500020002000000041000800020082001600028100001900044245006100063260003500124300000900159700001700168 a9780121245498c aeng a571.64bBRA aBradshaw, R A. aHandbook of Cell Signaling, Vol - IIIhTextual Documents aNew YorkbAcademic Pressc2004 a709. aDennis, E A.